| Tag |
First Indicator |
Second Indicator |
Subfields |
| LEADER |
00000pam a2200000 a 4500 |
| 001 |
in00001752012 |
| 005 |
20151025052100.0 |
| 008 |
020913s2003 alu b s001 0 eng |
| 010 |
|
|
|a 2002015041
|
| 015 |
|
|
|a GBA3-X7088
|
| 020 |
|
|
|a 0817312781 (alk. paper)
|
| 029 |
1 |
|
|a UKM
|b bA3X7088
|
| 035 |
|
|
|a (OCoLC)ocm50643741
|
| 040 |
|
|
|a DLC
|c DLC
|d YDX
|d UKM
|d UtOrBLW
|
| 043 |
|
|
|a n-us---
|
| 049 |
|
|
|a TXAM
|
| 050 |
0 |
0 |
|a PS3511.I9
|b Z55775 2003
|
| 082 |
0 |
0 |
|a 810.9/0052
|2 21
|
| 100 |
1 |
|
|a Berman, Ronald.
|
| 245 |
1 |
0 |
|a Fitzgerald-Wilson-Hemingway :
|b language and experience /
|c Ronald Berman.
|
| 264 |
|
1 |
|a Tuscaloosa :
|b University of Alabama Press,
|c [2003]
|
| 264 |
|
4 |
|c ©2003
|
| 300 |
|
|
|a 123 pages ;
|c 24 cm.
|
| 336 |
|
|
|a text
|b txt
|2 rdacontent
|
| 337 |
|
|
|a unmediated
|b n
|2 rdamedia
|
| 338 |
|
|
|a volume
|b nc
|2 rdacarrier
|
| 504 |
|
|
|a Includes bibliographical references (pages 101-118) and index.
|
| 600 |
1 |
0 |
|a Fitzgerald, F. Scott
|q (Francis Scott),
|d 1896-1940
|x Criticism and interpretation
|x History.
|
| 600 |
1 |
0 |
|a Hemingway, Ernest,
|d 1899-1961
|x Criticism and interpretation
|x History.
|
| 600 |
1 |
0 |
|a Fitzgerald, F. Scott
|q (Francis Scott),
|d 1896-1940
|x Language.
|
| 600 |
1 |
0 |
|a Wilson, Edmund,
|d 1895-1972
|x Knowledge
|x Literature.
|
| 600 |
1 |
0 |
|a Hemingway, Ernest,
|d 1899-1961
|x Language.
|
| 650 |
|
0 |
|a American fiction
|y 20th century
|x History and criticism
|x Theory, etc.
|
| 650 |
|
0 |
|a Criticism
|z United States
|x History
|y 20th century.
|
| 945 |
|
|
|i PromptCat
|
| 948 |
|
|
|a cataloged
|b cmulkey
|c 2003/5/14
|d 12:10:04 pm
|
| 994 |
|
|
|a 92
|b TXA
|
| 999 |
|
|
|a MARS
|
| 999 |
f |
f |
|s 5193b4af-e65b-39da-8679-8e12da946bc4
|i 25b1aeee-6a70-3d22-a35c-883a8b30c377
|t 0
|
| 952 |
f |
f |
|p ric
|a Texas A&M University
|b Rellis Campus
|c Joint Library Facility
|d Remote Storage
|t 0
|e PS3511.I9 Z55775 2003
|h Library of Congress classification
|i unmediated -- volume
|m A14830226196
|
| 998 |
f |
f |
|a PS3511.I9 Z55775 2003
|t 0
|l Remote Storage
|